European Cities A-Z by Clue #2 - Statistics

General Stats
  • This quiz has been taken 1,537 times
  • The average score is 20 of 26
Answer Stats
Hint City % Correct
F Capital of Tuscany Florence
97%
L This city's "eye" was once the world's tallest Ferris wheel London
96%
C Where Hans Christian Andersen is buried Copenhagen
95%
O Has a museum of Viking ships Oslo
95%
R The world's northernmost national capital Reykjavík
95%
N Considered the capital of the French Riviera Nice
94%
G Now part of Poland, it was a "free city" between the World Wars Gdańsk
93%
T Home to the headquarters of Fiat and Alfa Romeo Turin
93%
A In ancient times, it reached a population of 250,000 – of whom 1/3rd were enslaved Athens
92%
B Currywurst was invented here in 1949 Berlin
90%
M Where you can view artworks such as "Las Meninas" and "Guernica" Madrid
90%
V Once the dominant naval power of the Adriatic Sea Venice
88%
I Founded as the Greek settlement of Byzantium in 667 BC Istanbul
87%
P Where the Charles Bridge crosses the Vltava River Prague
84%
U In this Dutch city, over 50% of journeys are made by bicycle Utrecht
83%
Z Capital of Aragon, Spain Zaragoza
83%
D Home to the European headquarters of many American tech companies, for tax reasons Dublin
79%
E City in the Ruhr Valley home to Krupp, once the largest company in Europe Essen
79%
S Capital city whose name means "wisdom" in Greek Sofia
79%
K Sacked by the Mongols in 1240 AD Kyiv
78%
W This city's football team are commonly known as "Wolves" Wolverhampton
75%
H Largest city in Crete Heraklion
70%
Y Belgian city which was the scene of near-continuous fighting in WWI, with casualties likely over 1,000,000 Ypres
59%
J Home to what was once the largest university in Germany Jena
33%
X The only town in Germany starting with X Xanten
20%
Q City near Lisbon once home to the Portuguese royal court Queluz
12%
No matching quizzes found
Score Distribution
Percent of People with Each Score
Percentile by Number Answered
Your Score History
You have not taken this quiz